01248 a2200193 450000100040000000500170000400800410002100300150006204000400007708000930011724500610021002000220027125000110029326400330030430000250033750505120036210000270087485601530090124820260407155416.0260407a2009 arg spa dAR-UNSa-BCEJYS aAR-UNSa-BCEJYSbspacAR-UNSa-BCEJYS a657.2xAsientos contables. registro. registro de entradas. movimientos (Plan de cuentas)10aPlanes de cuentas y manuales de procedimientos contables a978-987-03-1372-4 a1a. ed 1aBuenos Aires :bLa Leyc2009 axxxiv, 478 p.c24 cm a1. Planes de cuentas y manuales de procedimientos contables 2. Clases de cuentas 3. Preparación de un plan de cuentas 4. Preparación de un manual de procedimientos contables 5. Hechos que obligan a crear cuentas 6. Identificación y utilización de atributos 7. Codificación de cuentas, grupos y atributos 8. Problemas que ocasiona la preparación del estado de flujo de efectivo 9. Consideración de normas legales y modelos 10. Menús de cuentas11. Ejemplo de manual de procedimientos contables1 aFowler Newton, Enrique41uhttps://biblioeco.unsa.edu.ar/pmb/images/libros/Planes de cuentas y manuales de procedimientos contables2-l117626.jpgyImagen de portadaqimage/jpeg